| 000 | 00777nam a2200193 i 4500 | ||
|---|---|---|---|
| 001 | 37530 | ||
| 003 | ES-MaACL | ||
| 005 | 20250720063042.0 | ||
| 007 | t| | ||
| 008 | 030317s1844 sp |||| | spa d | ||
| 100 | 1 |
_aColmeiro, Miguel, _d1816-1901 _939771 |
|
| 245 | 1 | 0 |
_aNoticia de las materias relativas a ciencias médicas, que ocuparon al Quinto Congreso Científico Italiano, reunido en Lucca en setiembre de 1843 / _cpor Miguel Colmeiro. |
| 260 |
_a[S.l. : _bs.n., _c1844?] |
||
| 300 |
_a25 p. ; _c20 cm. |
||
| 500 | _aDiscurso publicado en el Rep. méd. de Barcelona de enero de 1844. | ||
| 594 | _aDatos tomados del principio del texto. | ||
| 852 |
_aES-MaACL _jC-12063(6) _z- Encuadernado con otras obras _q- Ejemp. sin portada |
||
| 999 |
_c37530 _d37530 |
||